The claims of culture at empire's end : (Record no. 28164)
[ view plain ]
| 000 -LEADER | |
|---|---|
| campo de control de longitud fija | 01308cam a22003857a 4500 |
| 001 - NÚMERO DE CONTROL | |
| campo de control | 112560 |
| 005 - FECHA Y HORA DE LA ÚLTIMA TRANSACCIÓN | |
| campo de control | 20230410103914.0 |
| 008 - DATOS DE LONGITUD FIJA--INFORMACIÓN GENERAL | |
| campo de control de longitud fija | 100619s2010 enk 001 0 eng |
| 035 ## - NÚMERO DE CONTROL DEL SISTEMA | |
| Número de control de sistema | 16293187 |
| 010 ## - NÚMERO DE CONTROL DE LA BIBLIOTECA DEL CONGRESO | |
| Número de control de LC | 2010290406 |
| 015 ## - NÚMERO DE BIBLIOGRAFÍA NACIONAL | |
| Número de bibliografía nacional | GBA928265 |
| Fuente | bnb |
| 016 7# - NÚMERO DE CONTROL DE UNA AGENCIA BIBLIOGRÁFICA NACIONAL | |
| Número de control del registro | 014932448 |
| Fuente | Uk |
| 020 ## - NÚMERO INTERNACIONAL ESTÁNDAR DEL LIBRO | |
| Número Internacional Estándar del Libro | 9780197264478 (hbk.) |
| 020 ## - NÚMERO INTERNACIONAL ESTÁNDAR DEL LIBRO | |
| Número Internacional Estándar del Libro | 0197264476 (hbk.) |
| 035 ## - NÚMERO DE CONTROL DEL SISTEMA | |
| Número de control de sistema | (OCoLC)ocn301888604 |
| 040 ## - FUENTE DE CATALOGACIÓN | |
| Centro catalogador/agencia de origen | UKM |
| Centro/agencia transcriptor | UKM |
| Centro/agencia modificador | BTCTA |
| -- | YDXCP |
| -- | BWK |
| -- | DLC |
| 042 ## - CÓDIGO DE AUTENTICACIÓN | |
| Código de autenticación | ukblsr |
| -- | lccopycat |
| 050 14 - SIGNATURA TOPOGRÁFICA DE LA BIBLIOTECA DEL CONGRESO | |
| Número de clasificación | 432 DS 98 |
| Número de ítem | D852c 2010 |
| 082 00 - NÚMERO DE LA CLASIFICACIÓN DECIMAL DEWEY | |
| Número de clasificación | 956.91041 |
| 100 1# - ENTRADA PRINCIPAL--NOMBRE DE PERSONA | |
| Nombre de persona | Dueck, Jennifer Marie, |
| Fechas asociadas al nombre | 1976- |
| 245 14 - MENCIÓN DEL TÍTULO | |
| Título | The claims of culture at empire's end : |
| Resto del título | Syria and Lebanon under French rule / |
| Mención de responsabilidad, etc. | by Jennifer M. Dueck. |
| 260 ## - PUBLICACIÓN, DISTRIBUCIÓN, ETC. | |
| Lugar de publicación, distribución, etc. | Oxford ; |
| -- | New York : |
| Nombre del editor, distribuidor, etc. | Oxford University Press, |
| Fecha de publicación, distribución, etc. | 2010. |
| 300 ## - DESCRIPCIÓN FÍSICA | |
| Extensión | viiii, 273 p. ; |
| Dimensiones | 24 cm. |
| 490 0# - MENCIÓN DE SERIE | |
| Mención de serie | A British Academy postdoctoral fellowship monograph |
| 504 ## - NOTA DE BIBLIOGRAFÍA, ETC. | |
| Nota de bibliografía, etc. | Includes bibliographical references and index. |
| 650 #0 - PUNTO DE ACCESO ADICIONAL DE MATERIA--TÉRMINO DE MATERIA | |
| Término de materia o nombre geográfico como elemento de entrada | Cultural fusion |
| Subdivisión geográfica | Syria. |
| 650 #0 - PUNTO DE ACCESO ADICIONAL DE MATERIA--TÉRMINO DE MATERIA | |
| Término de materia o nombre geográfico como elemento de entrada | Cultural fusion |
| Subdivisión geográfica | Lebanon. |
| 650 #4 - PUNTO DE ACCESO ADICIONAL DE MATERIA--TÉRMINO DE MATERIA | |
| Término de materia o nombre geográfico como elemento de entrada | Fusión cultural |
| Subdivisión geográfica | Siria. |
| 650 #4 - PUNTO DE ACCESO ADICIONAL DE MATERIA--TÉRMINO DE MATERIA | |
| Término de materia o nombre geográfico como elemento de entrada | Fusión cultural |
| Subdivisión geográfica | Líbano. |
| 651 #0 - PUNTO DE ACCESO ADICIONAL DE MATERIA--NOMBRE GEOGRÁFICO | |
| Nombre geográfico | Lebanon |
| Subdivisión general | History |
| Subdivisión cronológica | French occupation, 1918-1946. |
| 651 #0 - PUNTO DE ACCESO ADICIONAL DE MATERIA--NOMBRE GEOGRÁFICO | |
| Nombre geográfico | Syria |
| Subdivisión general | Civilization |
| Subdivisión cronológica | 20th century. |
| 651 #0 - PUNTO DE ACCESO ADICIONAL DE MATERIA--NOMBRE GEOGRÁFICO | |
| Nombre geográfico | Lebanon |
| Subdivisión general | Civilization |
| Subdivisión cronológica | 20th century. |
| 942 ## - ELEMENTOS DE ENTRADA SECUNDARIOS (KOHA) | |
| Fuente del sistema de clasificación o colocación | Clasificación de Library of Congress |
| Tipo de ítem Koha | |
| 946 ## - PROCESAMIENTO DE INFORMACIÓN LOCAL (OCLC) | |
| a | YSL |
| Estatus retirado | Estado de pérdida | Fuente del sistema de clasificación o colocación | Estado de daño | No para préstamo | Colección | Biblioteca de origen | Biblioteca actual | Ubicación en estantería | Fecha de adquisición | Serial enumeration / chronology | Signatura topográfica completa | Código de barras | Visto por última vez | Copia número | Tipo de ítem Koha |
|---|---|---|---|---|---|---|---|---|---|---|---|---|---|---|---|
| Clasificación de Library of Congress | Recursos Regionales | Biblioteca Juan Bosch | Biblioteca Juan Bosch | Recursos Regionales (2do. Piso) | 10/04/2023 | 1 | 432 DS 98 D852c 2010 | 00000106059 | 23/10/2018 | 1 |
